01716 a2200229 4500003000500000005001700005010001600022020001700038040000900055082001600064100002900080245008100109260006300190300003400253505095100287650003201238650002501270700003601295942001201331999001901343952012401362Nust20230819095823.0 a 81015576 a0534979637 : cNust00a519.536,ALL1 aAllen, David M.,911419510aAnalyzing experimental data by regression /cDavid M. Allen, Foster B. Cady. aBelmont, Calif. :bLifetime Learning Publications,cc1982. axvi, 394 p. :bill. ;c24 cm. aStrategy of Data Analysis (Page-2), Data Link Between Research Objectives and Analysis (Page-8), Model Formulation and Inferences (Page-16), Fitting the Mean Model (Page-30), Fitting a Straight Line Model (Page-38), Analysis of Variance (Page-49), Computations for Multivariable Models (Page-56), Coping with Model Violations (Page-68), Case Study Dose Dependent Blood Pressure Data (Page-80), Interpreting Regression Coefficients in Two Variable Models (Page-90), Data Reduction by Regressions (Page-104), Generalizing Beyond the Data (Page-120), Comparison of Candidate Models (Page-134), Case Study Land Evaluation Data (Page-150), Analysis of Sample Means (Page-162), Model Selections with Many Explanatory Variables (Page-246), Coping with Large Standard Error and Unrealistic Estimates (Page-260), Split Experimental Units and Repeated Measures (Page-276), Nonlinear Models (Page-297), A Regression Program for Microcomputers (Page-310).  0aExperimental design.910527 0aRegression analysis.1 aCady, Foster B.,d1931-9114196 2ddccBK c181410d181410 00102ddc4070aMCSbMCScGENd2016-12-12o519.536,ALLpMCS7157r2016-12-08w2016-12-12yBKzAlmirah no.14, Shelf no.6